WALCOM: Algorithms and Computation (Запис № 445788)

МАРК-запис
000 -LEADER
fixed length control field 03980nam a22006615i 4500
001 - CONTROL NUMBER
control field 978-3-319-53925-6
003 - CONTROL NUMBER IDENTIFIER
control field DE-He213
005 - DATE AND TIME OF LATEST TRANSACTION
control field 20210118122739.0
007 - PHYSICAL DESCRIPTION FIXED FIELD--GENERAL INFORMATION
fixed length control field cr nn 008mamaa
008 - FIXED-LENGTH DATA ELEMENTS--GENERAL INFORMATION
fixed length control field 170220s2017 gw | s |||| 0|eng d
020 ## - INTERNATIONAL STANDARD BOOK NUMBER
International Standard Book Number 9783319539256
-- 978-3-319-53925-6
024 7# - OTHER STANDARD IDENTIFIER
Standard number or code 10.1007/978-3-319-53925-6
Source of number or code doi
050 #4 - LIBRARY OF CONGRESS CALL NUMBER
Classification number QA76.9.A43
072 #7 - SUBJECT CATEGORY CODE
Subject category code UMB
Source bicssc
072 #7 - SUBJECT CATEGORY CODE
Subject category code COM051300
Source bisacsh
072 #7 - SUBJECT CATEGORY CODE
Subject category code UMB
Source thema
082 04 - DEWEY DECIMAL CLASSIFICATION NUMBER
Classification number 005.1
Edition number 23
245 10 - TITLE STATEMENT
Title WALCOM: Algorithms and Computation
Medium [electronic resource] :
Remainder of title 11th International Conference and Workshops, WALCOM 2017, Hsinchu, Taiwan, March 29–31, 2017, Proceedings /
Statement of responsibility, etc edited by Sheung-Hung Poon, Md. Saidur Rahman, Hsu-Chun Yen.
250 ## - EDITION STATEMENT
Edition statement 1st ed. 2017.
264 #1 -
-- Cham :
-- Springer International Publishing :
-- Imprint: Springer,
-- 2017.
300 ## - PHYSICAL DESCRIPTION
Extent XXII, 474 p. 109 illus.
Other physical details online resource.
336 ## -
-- text
-- txt
-- rdacontent
337 ## -
-- computer
-- c
-- rdamedia
338 ## -
-- online resource
-- cr
-- rdacarrier
347 ## -
-- text file
-- PDF
-- rda
490 1# - SERIES STATEMENT
Series statement Theoretical Computer Science and General Issues ;
Том/ позначення послідовності 10167
505 0# - FORMATTED CONTENTS NOTE
Formatted contents note Invited talks -- Computational geometry -- Combinatorial optimization -- Graph drawing -- Graph algorithms -- Space-efficient algorithms -- Computational complexity -- Approximation algorithms.
520 ## - SUMMARY, ETC.
Summary, etc This book constitutes the proceedings of the 11th International Workshop on Algorithms and Computation, WALCOM 2017, held in Hsinchu, Taiwan, in March 2017. The 35 full papers presented together with three invited talks were carefully reviewed and selected from 83 submissions. The papers are organized in topical sections on invited talks; computational geometry; combinatorial optimization; graph drawing; graph algorithms; space-efficient algorithms; computational complexity; approximation algorithms. .
506 ## - RESTRICTIONS ON ACCESS NOTE
Terms governing access Available to subscribing member institutions only. Доступно лише організаціям членам підписки.
506 ## - RESTRICTIONS ON ACCESS NOTE
Standardized terminology for access restriction Online access from local network of NaUOA.
506 ## - RESTRICTIONS ON ACCESS NOTE
Standardized terminology for access restriction Online access with authorization at https://link.springer.com/
506 ## - RESTRICTIONS ON ACCESS NOTE
Standardized terminology for access restriction Онлайн-доступ з локальної мережі НаУОА.
506 ## - RESTRICTIONS ON ACCESS NOTE
Standardized terminology for access restriction Онлайн доступ з авторизацією на https://link.springer.com/
650 #0 - SUBJECT ADDED ENTRY--TOPICAL TERM
Topical term or geographic name as entry element Algorithms.
650 #0 - SUBJECT ADDED ENTRY--TOPICAL TERM
Topical term or geographic name as entry element Computer science—Mathematics.
650 #0 - SUBJECT ADDED ENTRY--TOPICAL TERM
Topical term or geographic name as entry element Numerical analysis.
650 #0 - SUBJECT ADDED ENTRY--TOPICAL TERM
Topical term or geographic name as entry element Computer graphics.
650 14 - SUBJECT ADDED ENTRY--TOPICAL TERM
Topical term or geographic name as entry element Algorithm Analysis and Problem Complexity.
-- http://scigraph.springernature.com/things/product-market-codes/I16021
650 24 - SUBJECT ADDED ENTRY--TOPICAL TERM
Topical term or geographic name as entry element Discrete Mathematics in Computer Science.
-- http://scigraph.springernature.com/things/product-market-codes/I17028
650 24 - SUBJECT ADDED ENTRY--TOPICAL TERM
Topical term or geographic name as entry element Numeric Computing.
-- http://scigraph.springernature.com/things/product-market-codes/I1701X
650 24 - SUBJECT ADDED ENTRY--TOPICAL TERM
Topical term or geographic name as entry element Math Applications in Computer Science.
-- http://scigraph.springernature.com/things/product-market-codes/I17044
650 24 - SUBJECT ADDED ENTRY--TOPICAL TERM
Topical term or geographic name as entry element Computer Graphics.
-- http://scigraph.springernature.com/things/product-market-codes/I22013
650 24 - SUBJECT ADDED ENTRY--TOPICAL TERM
Topical term or geographic name as entry element Algorithms.
-- http://scigraph.springernature.com/things/product-market-codes/M14018
700 1# - ADDED ENTRY--PERSONAL NAME
Personal name Poon, Sheung-Hung.
Relator term editor.
Relator code edt
-- http://id.loc.gov/vocabulary/relators/edt
700 1# - ADDED ENTRY--PERSONAL NAME
Personal name Rahman, Md. Saidur.
Relator term editor.
Relator code edt
-- http://id.loc.gov/vocabulary/relators/edt
700 1# - ADDED ENTRY--PERSONAL NAME
Personal name Yen, Hsu-Chun.
Relator term editor.
Relator code edt
-- http://id.loc.gov/vocabulary/relators/edt
710 2# - ADDED ENTRY--CORPORATE NAME
Corporate name or jurisdiction name as entry element SpringerLink (Online service)
773 0# - HOST ITEM ENTRY
Title Springer eBooks
776 08 - ADDITIONAL PHYSICAL FORM ENTRY
Display text Printed edition:
International Standard Book Number 9783319539249
776 08 - ADDITIONAL PHYSICAL FORM ENTRY
Display text Printed edition:
International Standard Book Number 9783319539263
830 #0 - SERIES ADDED ENTRY--UNIFORM TITLE
Uniform title Theoretical Computer Science and General Issues ;
Volume number/sequential designation 10167
856 40 - ELECTRONIC LOCATION AND ACCESS
Uniform Resource Identifier <a href="https://doi.org/10.1007/978-3-319-53925-6">https://doi.org/10.1007/978-3-319-53925-6</a>
912 ## -
-- ZDB-2-SCS
912 ## -
-- ZDB-2-LNC
942 ## - ADDED ENTRY ELEMENTS (KOHA)
Koha item type ЕКнига

Немає доступних примірників.